02168nam a2200349 a 4500001001200000003000800012006001900020007001500039008004100054010001700095020002600112020002500138020002700163040002100190035002100211050002300232082001800255245014500273260005700418300002200475490004000497504005100537505080100588533015201389650003401541650003101575655002901606700002301635710001701658856012601675999001701801ebr10630526CaPaEBRm o u cr cn|||||||||111014s2012 enka sb 001 0 eng d z 2011043015 z9780470971819 (cloth) z9780470971802 (pbk.) z9781119945918 (e-book) aCaPaEBRcCaPaEBR a(OCoLC)82373755514aRC531b.P79 2012eb04a616.85/2222300aPsychobiological approaches for anxiety disordersh[electronic resource] :btreatment combination strategies /cedited by Stefan G. Hofmann. aChichester, West Sussex :bJohn Wiley & Sons,c2012. ax, 201 p. :bill.0 aWiley series in clinical psychology aIncludes bibliographical references and index.0 aThe biology and efficacy of combination strategies for anxiety disorders / Keith A. Ganasen and Dan J. Stein -- Benzodiazepines / Bridget A. Hearon and Michael W. Otto -- Tricyclic antidepressants and monoamine oxidase inhibitors / Franklin R. Schneier -- Selective serotonin reuptake inhibitors, reversible inhibitors of monoamine oxidase-a, and buspirone / Borwin Bandelow, Markus Reitt, Dirk Wedekind -- D-cycloserine / Adam J. Guastella and Gail A. Alvares -- Yohimbine hydrochloride / Samantha Farris ... [et al.] -- Cortisol / Leila Maria Sorevia, and Dominique J.-F. de Quervain -- Oxytocin / Markus Heinrichs, Fraces S. Chen, and Gregor Domes -- Dietary supplements / Lindsey B. DeBoer ... [et al.] -- A roadmap for the research and practice of combination strategies / Stefan G. Hofmann. aElectronic reproduction.bPalo Alto, Calif. :cebrary,d2015.nAvailable via World Wide Web.nAccess may be limited to ebrary affiliated libraries. 0aAnxiety disordersxTreatment. 0aCombined modality therapy. 7aElectronic books.2local1 aHofmann, Stefan G.2 aebrary, Inc.40uhttp://site.ebrary.com/lib/rucke/Doc?id=10630526zAn electronic book accessible through the World Wide Web; click to view c52783d52783